000 00542nam a2200205 a 4500
001 11532
003 CO-ViMGA
008 141112s2004 ck r 000 u spa d
020 _a9586005968
040 _aCO-ViMGA
_bspa
_cCO-ViMGA
082 0 4 _a511.8 P67ml
100 1 _aPortus G., Lincoyán
_916037
245 1 0 _aMatematicas Financieras
250 _a4
260 _aBogotá,
_cMcGraw Hill,
_c1997
300 _a434 p.
650 1 4 _aGOVINDEN , PORTUS, LICOYAN 1997
_916038
650 1 4 _aMATEMATICAS FINANCIERAS
_916039
942 _2ddc
_cBK
999 _c22727
_d22727